Kimia : format peperiksaan spm terkini
| Main Author: | |
|---|---|
| Format: | Book |
| Published: |
Selangor :
Pustaka Yakin ,
2005
|
| Series: | Siri Kertas Sampel SPM
|
MARC
| LEADER | 00000cam a2200000 7i4500 | ||
|---|---|---|---|
| 001 | 0000067089 | ||
| 005 | 20161016.0 | ||
| 008 | 161016 | ||
| 020 | |a 9833224075 | ||
| 090 | 0 | 0 | |a R540 |b GOH |
| 100 | 1 | |a Goh Wee Beng | |
| 245 | 1 | 0 | |a Kimia : |b format peperiksaan spm terkini |c Goh Wee Beng |
| 260 | |a Selangor : |b Pustaka Yakin , |c 2005 | ||
| 440 | |a Siri Kertas Sampel SPM | ||
| 999 | |a 0000907175 |b Book |c REFERENCE |e Cawangan Bandar Tenggara | ||
| 999 | |a 0000907176 |b Book |c REFERENCE |e Cawangan Bandar Tenggara | ||
| 999 | |a 0000907177 |b Book |c REFERENCE |e Cawangan Bandar Tenggara | ||